| 000 | 00731nam a2200289Ia 4500 | ||
|---|---|---|---|
| 001 | Z_3711 | ||
| 003 | CHAP | ||
| 008 | 220113s1982 xx 000 0 und d | ||
| 010 | _a166792 | ||
| 040 | _cCHAP | ||
| 090 | _aFolleto 473 | ||
| 100 | 1 |
_aSalazar Bustos, Ma. del Socorro _9140910 |
|
| 245 |
_aFisiología comparada de los eritrocitos / _cpor Ma. del Socorro Salazar Bustos |
||
| 260 |
_aChapingo, Méx. : _bUACH. Departamento de Zootecnia, _c1982 |
||
| 300 | _a37 h. ; ilus. | ||
| 440 | _a | ||
| 500 | _a | ||
| 503 | _a | ||
| 650 |
_aEritrocitos _9140914 |
||
| 650 |
_aFisiología animal _941131 |
||
| 901 | _aFolleto 473 | ||
| 902 | _aA | ||
| 910 | _a1982 | ||
| 942 | _cc14 | ||
| 942 | _cc14 | ||
| 999 |
_c166792 _d166792 |
||